Mongolian Rule in China (Бичлэгийн дугаар. 144236)
| 000 -УДИРДЛАГА | |
|---|---|
| Удирдлага | 01898nam a2200349 4500 |
| 003 - ХЯНАЛТЫН ТОО ТОДОРХОЙЛОГЧ | |
| Код | MN-UlNUM |
| 005 - БИЧИЛТ ХИЙСЭН ОГНОО | |
| Тухайн бичилтийг бичсэн засварласан сүүлийн огноо | 20251010172432.0 |
| 008 - ЕРӨНХИЙ МЭДЭЭЛЭЛ | |
| Ерөнхий мэдээлэл | 250918s1989 maub|||| |||| 00| | eng d |
| 020 ## - ISBN | |
| ISBN | 0674585259 |
| 040 ## - БИЧЛЭГ ҮҮСГЭГЧ БАЙГУУЛЛАГА | |
| Бичлэг үүсгэгч номын сангийн код | МУИС-ийн номын сан |
| 084 ## - ББК АНГИЛАЛ | |
| Нэмэлт тусгалт | Нэг сэдэвт бүтээл |
| Мэдлэгийн ялгаа | 63 - Түүх |
| ББК ангилал | 63.3(1+5Chi) |
| Зохиогчийн гурван тэмдэгт | E 54 |
| 100 1# - ЗОХИОГЧ | |
| Зохиогчийн нэр | Endicott, Elizabeth |
| 245 10 - ҮНДСЭН ГАРЧИГ | |
| Номын нэр | Mongolian Rule in China |
| Бага гарчгийн мэдээ | Local Administration in The Yuan Dynasty |
| 260 ## - ГАРАЛТЫН МЭДЭЭ | |
| Хэвлэгдсэн газар | Cambridge, Mass |
| Хэвлэлийн газар | Harvard University Press |
| Хэвлэгдсэн он | 1989 |
| 300 ## - МАТЕРИАЛЫН ТОДОРХОЙЛОЛТ | |
| хуудасны тоо | 217 p. : |
| Бусад тоон мэдээлэл | map ; |
| Хэмжээ | 24 cm |
| 500 ## - Тайлбар | |
| Дансны дугаар | ГФ 20878 |
| 505 ## - Агуулгын тэмдэглэгээ | |
| Агуулгын тэмдэглэгээ | The Mongolian Yuan dynasty, 1272-1368, is a short but interesting chapter in the long history of Sino-Mongolian relations. Faced with the challenge of governing a huge sedentary empire, the traditionally nomadic Mongols acceded to some Chinese institutional precedents, but, in large part, adhered to their own Inner Asian practices of staffing and administering the government apparatus. Yuan administrative documents provide information that permits a fairly accurate reconstruction of the day-to-day functioning of the local government bureaucracy. From these materials, Endicott-West has put together a detailed picture of the Mongols' methods of selecting local officials, the ethnic backgrounds of officials, and policy formation and implementation at the local level. |
| 546 ## - ХЭЛНИЙ ТУХАЙ МЭДЭЭ | |
| Хэл | Англи хэл дээр, |
| 653 ## - Түлхүүр үг | |
| Түлхүүр үг | history |
| 653 ## - Түлхүүр үг | |
| Түлхүүр үг | Mongolian history |
| 653 ## - Түлхүүр үг | |
| Түлхүүр үг | Chinese history |
| 653 ## - Түлхүүр үг | |
| Түлхүүр үг | local government China history |
| 653 ## - Түлхүүр үг | |
| Түлхүүр үг | Yüan dynasty, 1260-1368 |
| 653 ## - Түлхүүр үг | |
| Түлхүүр үг | China politics and government |
| 740 ## - НОМЫН ГАРЧИГ | |
| Гарчиг | The Ta-lu-hua-ch'ih- Early History and Official Duties |
| 740 ## - НОМЫН ГАРЧИГ | |
| Гарчиг | The Ta-lu-hua-ch'ih- Appointment to Office and the Nationality Question |
| 740 ## - НОМЫН ГАРЧИГ | |
| Гарчиг | The Ta-lu-hua-ch'ih of the Appanages |
| 740 ## - НОМЫН ГАРЧИГ | |
| Гарчиг | Yuan Local Covernment and Society |
| 942 ## - ЭЛЕМЕНТИЙН ТӨРӨЛ | |
| Зүйлийн төрөл | Ном |
